Renesance : [vizuální průvodce uměním záalpské a italské renesance od 14. do 16. století] /

Hlavní autor: Cole, Alison
Jazyk: Čeština
Vydáno: Bratislava : Perfekt, 1995
Vydání: 1. vyd.
Edice: Umění zblízka
Témata:
Fyzický popis: 64 s. : il. (převážně barev.), mapy ; 28 cm
Knihy
Uloženo v:
LEADER 01161nam a2200337 a 4500
001 000058341
003 CZ BrMZK
005 20100430143746.0
007 ta
008 950407s1995 xo ab f 000 0 cze d
020 |a 80-8046-009-4 
040 |a BOA001  |b cze 
041 1 |a cze  |h eng 
080 |a 75.034:084.1  |2 MRF 
080 |a 084.1:73.034  |2 MRF 
080 |a 084.1:75.034  |2 MRF 
080 |a 73.034:084.1  |2 MRF 
100 1 |a Cole, Alison  |7 xx0093418  |4 aut 
245 1 0 |a Renesance :  |b [vizuální průvodce uměním záalpské a italské renesance od 14. do 16. století] /  |c Alison Coleová 
250 |a 1. vyd. 
260 |a Bratislava :  |b Perfekt,  |c 1995 
300 |a 64 s. :  |b il. (převážně barev.), mapy ;  |c 28 cm 
490 1 |a Umění zblízka ;  |v sv. 3 
653 0 |a italské renesanční malířství 
765 0 |t Renaissance  |9 Česky 
830 0 |a Umění zblízka 
910 |a BOA001  |b PK-N-0032.226 
964 |a Renesance  |x umění výtvarné  |x publikace obrazové 
964 |a Umění renesanční  |x publikace obrazové 
990 |a BK 
996 7 |b 3119002436  |c PK-N-0032.226  |l MZK  |r Sklad / do 1 hodiny  |n 80  |p kup  |w 000058341  |u 000010  |a 1  |e BOA001  |j MZK50  |s A